书目信息 |
| 题名: |
数控编程与加工项目化教程
|
|
| 作者: | 李进生 , 韩春鸣 主编 | |
| 分册: | ||
| 出版信息: | 西安 西北工业大学出版社 2013 |
|
| 页数: | 249页 | |
| 开本: | 26cm | |
| 丛书名: | ||
| 单 册: | ||
| 中图分类: | TG659 | |
| 科图分类: | ||
| 主题词: | 数控机床--程序设计--高等职业教育--教材 , 数控机床--加工--高等职业教育--教材 , 数控机床 , 程序设计 | |
| 电子资源: | ||
| ISBN: | 978-7-5612-3540-9 | |
| 000 | 01078nam0 2200289 450 | |
| 001 | 012015000367 | |
| 005 | 20150914103753.13 | |
| 010 | @a978-7-5612-3540-9@dCNY35.00 | |
| 100 | @a20140429d2013 em y0chiy50 ea | |
| 101 | 0 | @achi |
| 102 | @aCN@b610000 | |
| 105 | @aa z 000yy | |
| 106 | @ar | |
| 200 | 1 | @a数控编程与加工项目化教程@Ashu kong bian cheng yu jia gong xiang mu hua jiao cheng@f李进生,韩春鸣主编 |
| 210 | @a西安@c西北工业大学出版社@d2013 | |
| 215 | @a249页@c图@d26cm | |
| 300 | @a高职高专教育“十二五”规划教材 | |
| 330 | @a本书全面系统地介绍数控机床的基本知识、数控车床编程与加工、数控铣床编程与加工和加工中心编程与加工等4个模块(6个项目)的内容。全书按项目编写,力求突出数控编程与机床操作两方面技能的结合。 | |
| 606 | 0 | @a数控机床@x程序设计@x高等职业教育@j教材 |
| 606 | 0 | @a数控机床@x加工@x高等职业教育@j教材 |
| 606 | 0 | @a数控机床 |
| 606 | 0 | @a程序设计 |
| 690 | @aTG659@v5 | |
| 701 | 0 | @a李进生@Ali jin sheng@f(1965~)@4主编 |
| 701 | 0 | @a韩春鸣@Ahan chun ming@c(机械学)@4主编 |
| 801 | 0 | @aCN@b碧洲教育@c20150716 |
| 905 | @a10447@f4@dTG659@e20 | |
| 数控编程与加工项目化教程/李进生,韩春鸣主编.-西安:西北工业大学出版社,2013 |
| 249页:图;26cm |
| 高职高专教育“十二五”规划教材 |
| ISBN 978-7-5612-3540-9:CNY35.00 |
| 本书全面系统地介绍数控机床的基本知识、数控车床编程与加工、数控铣床编程与加工和加工中心编程与加工等4个模块(6个项目)的内容。全书按项目编写,力求突出数控编程与机床操作两方面技能的结合。 |
| ● |
| 相关链接 |
|
|
|
|
正题名:数控编程与加工项目化教程
索取号:TG659/20
 
预约/预借
| 序号 | 登录号 | 条形码 | 馆藏地/架位号 | 状态 | 备注 |
| 1 | 0849576 | 208495760 | 第二样本阅览室/ [索取号:TG659/20] | 在馆 | |
| 2 | 0849577 | 208495779 | 密集书库-物理学院/ [索取号:TG659/20] | 在馆 | |
| 3 | 0849578 | 208495788 | 第三借阅区/ [索取号:TG659/20] | 在馆 | |
| 4 | 0849579 | 208495797 | 第三借阅区/ [索取号:TG659/20] | 在馆 |